[Event "III Copa Marcel Duchamp 2019"]
[Site "Montevideo"]
[Date "2019.02.13"]
[Round "6.9"]
[White "Carbone, Diego"]
[Black "Gemy, Jose Daniel"]
[Result "1-0"]
[WhiteElo "2256"]
[BlackElo "2391"]
[Annotator "TA"]
[PlyCount "73"]
[EventDate "2019.02.09"]
[EventType "swiss"]
[EventCountry "URU"]
[SourceTitle "playchess.com"]
[Source "ChessBase"]
[SourceQuality "1"]

{[%evp 12,73,0,6,14,5,35,32,50,47,45,45,22,34,46,48,42,49,64,45,58,46,53,44,47,30,35,16,16,13,74,69,90,79,86,80,103,102,101,10,26,13,17,-31,-31,-25,9,0,0,0,125,122,117,121,115,120,128,123,482,479,29996,29997,29997,29998]} 1. d4 Nf6 2. c4 e6 3. g3 Bb4+ 4. Bd2 Be7 5. Bg2 d5 6. Nf3 O-O 7. O-O dxc4 {E11: Bogo-Indian} (7... c6 8. Qc2 Nbd7 9. Bf4 b6 10. Rd1 Ba6 11. cxd5 cxd5 12. Ne5 Nxe5 13. dxe5 Ng4 14. Bf3 f5 15. exf6 Nxf6 16. Qa4 Bb7 17. Nd2 Qe8 18. Qxe8 Rfxe8 {½-½ (29) Giri,A (2783)-Ding,L (2813) Wijk aan Zee 2019}) 8. Qc2 a6 9. Qxc4 b5 {White is slightly better.} 10. Qc2 Bb7 11. Rc1 Bd6 12. a3 Be4 13. Qd1 Nbd7 14. Ba5 Rc8 15. Nbd2 Ba8 $146 16. Rc2 Qe7 17. Rac1 {[%cal Ra5c7]} c5 18. dxc5 Rxc5 19. Nb3 Rxc2 20. Qxc2 e5 (20... Be4 $11 21. Qd2 h6) 21. Nh4 $16 Bxg2 22. Nf5 $1 {[%cal Rf5e7]} Qe6 23. Kxg2 Bb8 24. Bb4 Re8 25. Na5 ({Better is} 25. Rd1 $1 $16) 25... g6 $11 26. Ne3 Ba7 27. Qd2 Ne4 28. Qd3 Ng5 (28... Qh3+ $5 29. Kxh3 Nxf2+ {[%mdl 64] Double Attack} 30. Kg2 Nxd3 31. exd3 Bxe3 $15) 29. Rc7 $36 {[%cal Bc1c7,Bc7b7,Bb7b8][%mdl 2080] White has good play.} Qh3+ $1 30. Kg1 Bd4 (30... Bxe3 $1 $11 {keeps the balance.} 31. Qxe3 h6) 31. Nc6 $16 {And now Nd5 would win.} Nc5 32. Bxc5 $1 Bxc5 {[#]} 33. b4 $1 {[%cal Rb4c5]} Bb6 {[#]} 34. Rb7 $1 {[%cal Rb7b6]} e4 $2 {[%mdl 8192]} (34... Bxe3 $16 {is a better chance.} 35. Qxe3 {[%mdl 64] Double Attack} Qe6) 35. Qc3 $18 {Ne7+ would kill now.} Bxe3 (35... Bd8 $18 36. Rb8 Qd7 37. Rxd8 (37. Nxd8 Rxd8 38. Rxd8+ Qxd8 $16) 37... Rxd8) 36. Ne7+ {[%mdl 64] Overworked Piece} ({Less strong is} 36. Qxe3 h6 $16) 36... Rxe7 37. Rb8+ {Accuracy: White = 59%, Black = 56%.} 1-0

[Event "III Copa Marcel Duchamp 2019"]
[Site "Montevideo"]
[Date "2019.02.13"]
[Round "6.10"]
[White "Alonso, Salvador"]
[Black "Torella, Rodolfo"]
[Result "1-0"]
[WhiteElo "2502"]
[BlackElo "2022"]
[Annotator "TA"]
[PlyCount "95"]
[EventDate "2019.02.09"]
[EventType "swiss"]
[EventCountry "URU"]
[SourceTitle "playchess.com"]
[Source "ChessBase"]
[SourceQuality "1"]

{[%evp 20,95,25,14,13,12,16,8,6,2,8,6,16,18,17,-5,33,33,20,27,26,20,71,58,54,38,72,81,253,252,314,327,345,336,449,449,449,449,449,440,437,406,430,361,639,625,1339,921,1246,1302,1302,912,4910,4814,5295,835,753,406,732,753,753,745,691,684,684,669,640,625,29965,29965,29965,29962,29950,29957,12591,11029,5340,5091]} 1. e4 c5 2. Nf3 Nc6 3. Nc3 Nf6 4. d4 cxd4 5. Nxd4 e5 6. Ndb5 d6 7. Bg5 a6 8. Na3 b5 9. Nd5 Be7 10. Bxf6 Bxf6 11. c4 b4 {B33: Sicilian: Pelikan and Sveshnikov Variations} 12. Nc2 O-O (12... a5 13. g3 {½-½ (13) Nepomniachtchi,I (2763)-Carlsen,M (2835) St Petersburg 2018}) 13. g3 Bg5 {The position is equal.} 14. Bg2 a5 15. O-O Be6 16. Qd3 Ne7 17. Nde3 Rc8 18. Rad1 Qc7 $146 {[%cal Re6c4]} ({Predecessor:} 18... Bxe3 19. Nxe3 Qb6 20. b3 Rcd8 {1-0 (40) Nestorovic,N (2504)-Godde,M (2091) Neustadt an der Weinstrasse 2018}) 19. b3 Rcd8 20. Kh1 f6 (20... Bxe3 $11 {remains equal.} 21. Nxe3 Nc6) 21. f4 Bh6 $1 22. Nf5 Bxf5 23. exf5 exf4 $2 {[#]} (23... Kh8 $16 {was worth a try.}) 24. Nd4 $1 $18 Qc5 25. Rfe1 ({But not} 25. gxf4 $6 Rfe8 $18) 25... Rd7 26. Ne6 {[%mdl 64] Double Attack} Qxf5 27. Qxf5 Nxf5 28. Nxf8 Kxf8 29. Bh3 g6 30. Bxf5 gxf5 {[%mdl 4096] Endgame [#] KRR-KRB} 31. c5 $1 {[%mdl 512]} fxg3 $2 (31... Rc7 32. cxd6 Rd7) (31... dxc5 32. Rxd7) 32. Rxd6 Rf7 33. c6 Bf4 34. Rd8+ Kg7 35. Rd7 Kf8 36. hxg3 Bxg3 37. Rxf7+ (37. Rd8+ $142 Kg7 38. Rg1) 37... Kxf7 {KR-KB} 38. Rc1 Bc7 39. Rd1 Ke8 40. Rd7 Be5 41. Rxh7 Kd8 42. Kg2 Kc8 43. Ra7 Bc7 44. Ra8+ Bb8 45. Rxa5 Be5 46. Ra7 Kd8 47. Rb7 Bc3 48. Kf3 {Accuracy: White = 75%, Black = 36%.} 1-0

[Event "III Copa Marcel Duchamp 2019"]
[Site "Montevideo"]
[Date "2019.02.13"]
[Round "6.11"]
[White "Lujan, Carolina"]
[Black "Rupel, David"]
[Result "1-0"]
[WhiteElo "2357"]
[BlackElo "1953"]
[Annotator "NA RC"]
[PlyCount "65"]
[EventDate "2019.02.09"]
[EventType "swiss"]
[EventCountry "URU"]
[SourceTitle "playchess.com"]
[Source "ChessBase"]
[SourceQuality "1"]
[TimeControl "5400+30"]

{[%evp 20,63,46,32,62,54,146,162,126,133,117,90,110,77,86,53,58,18,132,133,163,186,151,148,249,257,225,258,258,276,287,289,300,284,305,323,32767,32767,318,340,461,472,487,541,584,616]} 1. e4 c6 2. Nc3 d5 3. Nf3 Nf6 4. e5 Ne4 5. d4 Nxc3 6. bxc3 {B11: Caro-Kann: Two Knights Variation} Bg4 7. h3 Bxf3 8. Qxf3 e6 9. Bd3 Nd7 10. O-O b5 $146 ({Predecessor:} 10... Qc7 11. c4 Be7 12. Rb1 dxc4 13. Bxc4 O-O 14. Qe4 g6 15. f4 Nb6 16. Bd3 {½-½ (16) Solak,D (2599)-Rodshtein,M (2634) Valjevo 2012}) 11. Qg3 Nb6 12. Bg5 Qd7 {[#]} (12... Be7 $1 $14 13. Bxe7 Qxe7) 13. f4 $1 h6 14. Bh4 Be7 15. Bxe7 Qxe7 16. Qxg7 O-O-O 17. Bg6 Rdf8 18. Bh7 Kd8 (18... Re8 $142) 19. Rf3 Nd7 20. a4 f5 21. exf6 Qxf6 (21... Nxf6 {was necessary.} 22. Qxe7+ Kxe7) 22. Qxf6+ Nxf6 23. Bd3 bxa4 24. Rxa4 Rf7 25. Re3 Re7 26. g4 Rhe8 27. Ra6 Rc7 28. g5 hxg5 (28... Rg7 {is a better defense.} 29. g6 Ne4 30. Bxe4 (30. Rxc6 Rxg6+ 31. Kf1 Re7 $18) 30... dxe4) 29. fxg5 Rg7 30. h4 Nh5 31. Rf3 c5 32. dxc5 $18 e5 33. Bb5 1-0

[Event "III Copa Marcel Duchamp 2019"]
[Site "Montevideo"]
[Date "2019.02.13"]
[Round "6.12"]
[White "Coro, Lucas"]
[Black "Dotta, Gian Franco"]
[Result "1-0"]
[WhiteElo "2284"]
[BlackElo "1896"]
[Annotator "TA"]
[PlyCount "96"]
[EventDate "2019.02.09"]
[EventType "swiss"]
[EventCountry "URU"]
[SourceTitle "playchess.com"]
[Source "ChessBase"]
[SourceQuality "1"]

{[%evp 17,96,33,37,42,40,-17,-17,-8,63,46,73,32,39,41,44,36,72,62,66,83,83,84,79,47,206,198,185,198,196,121,91,99,94,106,116,70,79,79,67,38,152,0,77,85,85,66,137,68,48,38,43,21,26,20,41,37,113,135,128,99,245,245,332,128,245,240,214,36,49,18,34,34,34,28,30,30,29972,29972,6406,6406,29987]} 1. d4 Nf6 2. c4 g6 3. Nf3 Bg7 4. g3 d6 5. Bg2 O-O 6. O-O Nbd7 7. Nc3 e5 8. e4 h6 9. h3 Nh7 10. Be3 {E68: King's Indian: Fianchetto: 6...Nbd7 7 0-0 e5 8 e4} (10. dxe5 Nxe5 11. Nxe5 dxe5 12. Be3 c6 13. Qxd8 Rxd8 14. Rfd1 Re8 15. Rd2 Ng5 16. Kh2 Ne6 17. Rad1 h5 {½-½ (66) Kjartansson,G (2441)-Berkes,F (2687) Reykjavik 2014}) 10... Ng5 11. Ne1 ({White should play} 11. Nxg5 $14 hxg5 12. b3) 11... exd4 $146 ({Predecessor:} 11... Nb6 12. h4 Nh3+ 13. Kh2 Nf4 14. gxf4 exf4 15. Bc1 Qxh4+ 16. Kg1 g5 17. Nb5 c5 18. Nxd6 {0-1 (29) Gaboyan,S (2043)-Hayrapetyan,A (2367) Yerevan 2014}) 12. Bxd4 {The position is equal.} Bxd4 (12... Ne5 $11) 13. Qxd4 $14 Ne5 14. f4 Ne6 ({Of course not} 14... Nc6 $6 15. Qe3 $16) 15. Qf2 Nxc4 16. Rd1 c6 17. b3 {[%mdl 1024] White has strong compensation.} Nb6 18. f5 Ng5 19. h4 Nh7 20. Qf4 g5 $2 (20... Qf6 $14) 21. Qxd6 $18 Qxd6 22. Rxd6 Kg7 23. Nf3 (23. e5 $18) 23... Re8 $16 24. Bh3 g4 25. Bxg4 {aiming for e5.} Nf6 26. Bh3 Nxe4 27. Nxe4 Rxe4 28. Rd8 {Black must now prevent f6+!} Kf6 (28... Re2 $14) 29. Rd6+ (29. g4 $142) 29... Kg7 30. Kf2 Nd5 31. Re1 Nf6 (31... Rxe1 $14 32. Kxe1 (32. Nxe1 Nf6 $14) 32... f6) 32. Rd8 (32. g4 $1 $16 {[%cal Rg4g5] And now g5 would win.} Rxe1 33. Kxe1) 32... Rxe1 $14 33. Kxe1 {Strongly threatening g4.} b6 34. Nd4 Bb7 35. Rxa8 Bxa8 $11 {[%mdl 4096] Endgame KBN-KBN} 36. Bg2 Nd5 (36... c5 $14 37. Bxa8 cxd4) 37. Bxd5 $1 $16 cxd5 {KB-KN} 38. Kf2 Kf6 (38... h5 $16) 39. g4 $1 $18 Ke5 {[#]} 40. Ke3 $2 (40. g5 $1 $18 {is the precise move to win.} h5 41. Ke3) 40... Bb7 (40... f6 $16) 41. Nf3+ Kd6 {[#]} 42. Kd4 $2 (42. g5 $1 $18 {[%cal Rg5h6]} hxg5 43. h5 (43. Nxg5 Bc8 $16) (43. hxg5 d4+ 44. Kf4 d3 $11)) 42... f6 $1 $14 43. g5 fxg5 44. hxg5 hxg5 45. Nxg5 a5 46. f6 {Threatens to win with f7.} Bc6 $2 {[%mdl 8192]} (46... Bc8 $11) 47. f7 Ke7 {[#]} 48. Ne6 $1 {[%mdl 512]} Bb7 {Accuracy: White = 47%, Black = 36%.} (48... Kxe6 49. f8=Q) 1-0

[Event "III Copa Marcel Duchamp 2019"]
[Site "Montevideo"]
[Date "2019.02.13"]
[Round "6.13"]
[White "Lagar, Valentin Alejo"]
[Black "Barreto, Ignacio C. de Barro"]
[Result "1/2-1/2"]
[WhiteElo "2196"]
[BlackElo "2212"]
[Annotator "TA"]
[PlyCount "57"]
[EventDate "2019.02.09"]
[EventType "swiss"]
[EventCountry "URU"]
[SourceTitle "playchess.com"]
[Source "ChessBase"]
[SourceQuality "1"]

{[%evp 10,57,22,22,35,18,16,30,41,7,0,0,3,3,14,0,0,-5,0,-2,-4,0,0,-8,260,247,233,230,222,177,287,255,262,245,264,225,252,200,256,152,138,101,122,142,221,185,189,181,207,198]} 1. e4 d6 2. d4 Nf6 3. Bd3 e5 4. c3 d5 5. dxe5 Nxe4 6. Nf3 Nc5 {B07: Pirc Defence: Miscellaneous Systems} 7. Bc2 Bg4 8. O-O Nc6 {White has an edge.} (8... Be7 9. Bf4 Ne6 10. Bg3 O-O 11. Nbd2 Bh5 12. Qb1 Bg6 13. Rd1 c6 14. Nf1 {1-0 (62) Melkumyan,H (2668)-Shimanov,A (2620) Saint Louis 2018}) 9. Bf4 Ne6 10. Bg3 $1 Bc5 $146 ({Predecessor:} 10... d4 11. Qe2 Qd7 12. Rd1 O-O-O 13. Be4 Ng5 14. Nbd2 Nxe4 15. Nxe4 {0-1 (55) Schmuki,R (2038)-Buglisi,M (1930) Kaltern 2017}) 11. Nbd2 Bh5 12. Qe2 Bb6 13. Rad1 Qe7 14. b4 a6 15. a4 {[%cal Ba2a4,Ba4a5][%mdl 32]} Nxb4 16. Bb3 $36 {[%mdl 2048] White is pushing.} Nc5 $2 {[%mdl 8192] [#]} (16... Nc6 $1 $11) 17. cxb4 $18 Nxb3 18. Nxb3 Qxb4 19. Qd3 Rd8 (19... Qxa4 $142 20. Qxd5 Qb5) 20. a5 Bg6 21. Qd2 Qxb3 22. axb6 Qxb6 23. Rc1 {Strongly threatening e6!} c5 24. Qc3 (24. Bh4 $18 Rd7 {[#]} 25. e6 $1 {[%mdl 512]} fxe6 26. Qf4) 24... Rc8 $16 25. Bh4 Qe6 26. Qa3 Be4 (26... b6 $16) 27. Rxc5 O-O 28. Bg3 Qe7 29. Rc3 {Accuracy: White = 45%, Black = 48%.} 1/2-1/2

[Event "III Copa Marcel Duchamp 2019"]
[Site "Montevideo"]
[Date "2019.02.13"]
[Round "6.14"]
[White "Trois, Francisco R.T."]
[Black "Zapata Charles, Santiago"]
[Result "1/2-1/2"]
[WhiteElo "2152"]
[BlackElo "2300"]
[Annotator "TA"]
[PlyCount "57"]
[EventDate "2019.02.09"]
[EventType "swiss"]
[EventCountry "URU"]
[SourceTitle "playchess.com"]
[Source "ChessBase"]
[SourceQuality "1"]

{[%evp 10,57,24,23,57,18,41,21,9,0,43,39,35,8,7,13,8,5,22,-14,0,-15,20,-32,-11,-78,-94,-148,-162,-166,-143,-137,-60,-130,-55,-73,-26,-26,-41,-67,-34,-91,0,0,0,0,28,8,8,6]} 1. c4 Nf6 2. g3 g6 3. Bg2 d5 4. cxd5 Nxd5 5. Nc3 Nb6 6. h4 h6 {A16: English Opening: 1...Nf6 with ...d5} (6... Bg7 7. h5 Nc6 8. Nf3 Bg4 9. h6 Bf6 10. Ne4 e5 11. b3 O-O 12. Nxf6+ Qxf6 13. Bb2 Rfe8 14. Rh4 {1-0 (30) Van Wely,L (2642)-Pultinevicius,P (2465) Batumi 2018}) 7. d3 Nc6 8. Nf3 Bg7 9. Be3 O-O 10. Qd2 Kh7 11. Rc1 e5 12. Bc5 Re8 13. O-O Be6 $146 ({Predecessor:} 13... Bg4 14. Nh2 {0-1 (45) Petersen,T (2334)-Olofsson Dolk,M (2143) Helsingor 2014}) 14. b4 Qd7 15. Rfe1 f5 16. Red1 (16. e4 $11) 16... Rad8 17. Qc2 (17. b5 $11 Nd4 18. Nh2) 17... Nd4 $17 18. Nxd4 ({Better is} 18. Qd2) 18... exd4 19. Bxb6 cxb6 20. Nb1 Bd5 ({Black should try} 20... Be5 $17 {White must now prevent ...f4.} 21. Qd2 Qf7) 21. Bf3 {[#]} ({White should play} 21. Qc7 $15) 21... Qf7 (21... f4 $1 $17 {[%mdl 512] ...fxg3 is the strong threat.} 22. g4 (22. gxf4 Qh3) 22... Qe7) 22. Nd2 $15 g5 23. hxg5 hxg5 24. Re1 Bf8 25. a3 {[#]} (25. Bxd5 $15 Qxd5 26. Qa4) 25... b5 (25... Be6 $1 $17) 26. Bxd5 $11 Qxd5 27. Qb3 Qxb3 28. Nxb3 Rd7 29. Rc2 {Accuracy: White = 31%, Black = 21%.} 1/2-1/2

[Event "III Copa Marcel Duchamp 2019"]
[Site "Montevideo"]
[Date "2019.02.13"]
[Round "6.15"]
[White "Salinas Herrera, Pablo"]
[Black "Gaye, Gustavo"]
[Result "1/2-1/2"]
[WhiteElo "2477"]
[BlackElo "1984"]
[Annotator "TA"]
[PlyCount "202"]
[EventDate "2019.02.09"]
[EventType "swiss"]
[EventCountry "URU"]
[SourceTitle "playchess.com"]
[Source "ChessBase"]
[SourceQuality "1"]

{[%evp 18,202,74,65,75,82,84,79,99,100,116,117,106,78,81,50,50,58,66,47,58,52,52,40,33,0,60,43,57,14,17,20,44,25,39,33,35,6,16,5,34,37,46,44,42,35,39,40,44,41,45,5,21,-6,40,18,48,6,50,28,47,46,129,104,104,100,95,89,89,91,116,45,116,68,89,78,92,81,136,122,106,84,88,58,62,57,41,25,35,36,34,26,27,29,29,0,0,-18,0,0,33,-18,0,0,0,-7,-7,-6,0,0,0,0,0,0,0,0,0,-7,0,0,0,-14,0,-7,0,-18,0,0,0,-18,0,0,0,0,0,0,0,0,0,0,0,0,0,0,0,0,0,0,0,0,0,0,0,0,0,0,0,0,0,0,0,-7,0,0,0,0,0,0,0,0,0,0,0,0,0,0,0,0,0,0,0,0,0,0,0,0,0]} 1. Nf3 g6 2. d4 Bg7 3. c4 c5 4. d5 d6 5. e4 Nf6 6. Bd3 O-O 7. h3 e6 8. O-O exd5 9. exd5 Na6 10. Nc3 h6 {E90: King's Indian: Classical: Early deviations and 6 h3} (10... Nh5 11. Re1 Nc7 12. Bg5 f6 13. Bd2 f5 14. Qc2 h6 15. Ne2 g5 16. Ng3 Nxg3 17. fxg3 Rb8 18. a4 {½-½ (59) Fell,S (2310)-Rodriguez Vila,A (2481) Villa Martelli 2018}) 11. Bf4 Nc7 12. Qd2 Kh7 {White is better.} 13. Rfe1 a6 14. a4 b6 $146 ({Predecessor:} 14... Rb8 15. Qc2 b5 16. Bxg6+ fxg6 17. Nh4 Bf5 18. Nxf5 gxf5 19. Qxf5+ {½-½ (34) Lee,D-Umezinwa,G Chicago 1988}) 15. Re2 Ra7 16. Bh2 Re8 $1 17. Rae1 Rxe2 18. Rxe2 Nce8 19. Qe1 Bf8 20. Nd1 Bd7 21. Nc3 Bc8 22. Nd2 (22. Bf4 {looks sharper.} Re7 23. Be3 Bg7 24. b3 Nd7 25. Bc2) 22... Re7 23. Qb1 Rxe2 24. Nxe2 a5 25. Nf4 {[%cal Rd3g6] Black must now prevent Bxg6+!} Bg7 26. Nf3 Kg8 27. b3 Nd7 28. Bc2 Qf6 29. Qe1 Qa1 30. Kf1 Qxe1+ 31. Kxe1 Ne5 32. Nd2 Kf8 33. Ne2 f5 34. Nf4 Kf7 35. Nf1 Nf6 (35... g5 $5 {[%cal Rg5f4]} 36. Ne2 f4 $11) 36. Ne3 Bd7 37. f3 Bc8 38. Ke2 g5 39. Ne6 {[%mdl 64] [#] Decoy} Bxe6 (39... f4 $14) 40. dxe6+ Kxe6 {...f4 would now be nice for Black.} 41. Bxf5+ Ke7 42. Bc2 Ke6 43. h4 Nc6 44. hxg5 (44. Bf5+ $16 Ke7 45. hxg5 Nd4+ 46. Kd3 hxg5 47. Bh3) 44... hxg5 (44... Nd4+ $14 45. Kd3 hxg5) 45. Nf5 Bf8 46. g4 Ne5 47. Ne3 Bg7 (47... Nc6 $142) 48. Bf5+ $16 Ke7 49. Nc2 Nc6 50. Bg1 d5 51. Be3 Bh6 52. Na3 d4 53. Bf2 Ne8 54. Be4 Ne5 55. Bg3 Bg7 56. Nb1 Nd6 57. Bd5 Bf6 58. Nd2 Kd7 59. Nf1 (59. Ne4 $14 Nxe4 60. Bxe4) 59... Ke7 {The position is equal.} 60. Be1 Ng6 61. Kd2 Be5 62. Ng3 Bf4+ 63. Kd1 Kf6 64. Nh5+ Ke5 65. Ng7 Ne7 66. Ba8 Ng6 67. Bc6 Kf6 68. Nh5+ Ke5 69. Bf2 Ne7 70. Bd7 Ng6 71. Ke1 Nf8 72. Bc6 Ng6 73. Ba8 Ne7 74. Nxf4 Kxf4 $11 {[%mdl 4096] Endgame KBB-KNN} 75. Ke2 Ng6 $1 76. Be1 Ke5 77. Bg3+ Nf4+ 78. Kd2 Ne8 79. Be4 Nd6 80. Bc2 Nf7 81. Ke1 Nd8 82. Be4 Nf7 83. Kf1 Nd6 84. Bd3 Ne8 85. Bc2 Nf6 86. Be1 Ne8 87. Bd2 Nc7 88. Kf2 Nce6 89. Bd1 Nc7 90. Bc2 Nce6 91. Bf5 Nc7 92. Kg3 Ne2+ 93. Kf2 Nf4 94. Be4 Nce6 95. Ke1 Nc7 96. Kd1 Ne8 97. Kc2 Nd6 98. Bc6 Nc8 99. Be4 Nd6 100. Bc6 Nc8 101. Be4 Nd6 {Accuracy: White = 50%, Black = 50%.} 1/2-1/2

[Event "III Copa Marcel Duchamp 2019"]
[Site "Montevideo"]
[Date "2019.02.13"]
[Round "6.16"]
[White "Vazquez, Facundo"]
[Black "Larrea, Manuel"]
[Result "0-1"]
[WhiteElo "2019"]
[BlackElo "2269"]
[Annotator "TA"]
[PlyCount "122"]
[EventDate "2019.02.09"]
[EventType "swiss"]
[EventCountry "URU"]
[SourceTitle "playchess.com"]
[Source "ChessBase"]
[SourceQuality "1"]

{[%evp 17,122,43,51,37,40,0,0,0,1,-25,-15,-20,-21,-27,-27,-32,-13,-55,-51,-54,-50,-56,-51,-47,-45,-76,-75,-76,-67,-83,-74,-74,-75,-94,-91,-90,-50,-52,-56,-66,-46,-63,-54,-86,-45,-62,-61,-73,0,-61,0,-78,-63,-98,-72,-84,-104,-106,-90,-93,-47,-41,-35,-58,-66,-103,-76,-71,-67,-77,-51,-51,-50,-58,-39,-43,-35,-75,-44,-50,-28,-43,-26,-67,-59,-100,-87,-110,-41,-136,-130,-119,-135,-124,-31,-91,-92,-99,-100,-199,-201,-198,-6,-10,-9,-29967,-29968]} 1. d4 Nf6 2. c4 e6 3. Nf3 d5 4. cxd5 exd5 5. Bg5 Nbd7 6. Nc3 c6 7. Qc2 Bd6 8. e3 Nf8 9. Bd3 Ng6 10. O-O {D35: Queen's Gambit Declined: Exchange Variation} (10. Nh4 Nf8 11. Nf5 Bxf5 12. Bxf5 Ng6 13. O-O-O h6 14. Bxf6 Qxf6 15. e4 Ne7 16. Bh3 Bb4 17. e5 Qh4 18. Kb1 {½-½ (85) Petrosyan,M (2579)-Petrosian,T (2598) Yerevan 2019}) 10... O-O 11. e4 dxe4 12. Nxe4 {The position is equal.} Be7 13. Ng3 $146 ({Predecessor:} 13. Rfe1 Nxe4 14. Bxe7 Nxe7 15. Bxe4 h6 16. a4 Re8 17. a5 a6 {½-½ (29) Massimini Gerbino,M (2375)-Wurschner,M (2200) IECG email 2003}) 13... Bg4 14. Nh4 Nxh4 15. Bxh4 h6 16. h3 Be6 {Threatens to win with ...g5.} 17. Ne2 Nd5 18. Bg3 Nb4 19. Qb1 Bf6 20. Rd1 Re8 21. a3 Nxd3 22. Qxd3 Qb6 23. b4 Rad8 24. Bf4 a5 25. Rab1 Rd7 26. Be3 axb4 27. axb4 Red8 28. Rd2 Qa7 29. Qc2 {next d5 is good for White.} Qa6 30. Rbd1 Bc4 31. Ng3 Be7 32. Rb1 Bf6 (32... Bd5 $17) 33. Rbd1 (33. Ne4 $11) 33... Be7 34. Rb1 $1 Qb5 35. Qc3 Be6 36. Rbb2 Ra8 37. Rb1 Ra4 {[%cal Ra4b4]} 38. Rdb2 b6 39. Rc1 Rc7 {[%cal Ra4b4]} 40. Bd2 Rc8 41. Re1 Bf8 42. Rc1 Qa6 43. Qe3 Ra1 (43... Re8 {is interesting.} 44. Qe4 Bd7 45. Qc2 Ra3 46. Nf1 b5) 44. Rbc2 Rxc1+ 45. Rxc1 Qb5 46. Qc3 Bd5 47. Re1 Rd8 48. Rc1 g6 49. Nf1 Bg7 50. Be3 Ra8 51. Bd2 Ra2 $36 {[%mdl 2048] White is under strong pressure.} 52. Ne3 Be6 (52... Qe2 $17 53. Be1 Be4) 53. Ra1 ({White should play} 53. Ng4 $1 $15) 53... Rxa1+ $17 54. Qxa1 Qd3 55. Bc3 {[#]} c5 $1 {[%mdl 512]} 56. bxc5 (56. d5 $1 $15 Qxc3 57. Qxc3 Bxc3 58. dxe6 fxe6 59. b5) 56... bxc5 57. d5 Qxc3 ({Much worse is} 57... Bxc3 $6 58. Qa8+ Kh7 59. dxe6 $11) 58. Qa8+ (58. Qxc3 $17 Bxc3 59. dxe6 fxe6 60. Kf1) 58... Kh7 $19 59. dxe6 fxe6 $2 (59... Qe1+ $19 60. Nf1 Qxe6) 60. Qc6 $1 $11 Qe1+ 61. Kh2 $2 {[%mdl 8192] [#]} (61. Nf1 $11) 61... Be5+ {Accuracy: White = 43%, Black = 50%.} 0-1